Svet zašlých čias

Bibliographic Details
Main Authors: Bžoch, Jozef, 1926-2018 (Author), Mándy, Iván, 1918-1995 (Author)
Format: Article
Language:Slovak
Subjects:

MARC

LEADER 00000nab a2200000 a 4500
001 vtls000342492
003 SK-MaSNL
005 20260302230247.0
008 160202c1988 xo 0 slo
015 |a SNBRB19rr/mm-uuuuu 
035 |a CL0342614 
040 |a SNKBUCL  |b slo  |c SNKBUCL  |e AACR2 
041 0 |a slo 
044 |a xo  |c SK 
080 |a 82.09:894.511-3(048)  |2 1981 
080 |a 894.511-3(048)  |2 1981 
100 1 |a Bžoch, Jozef,  |d 1926-2018  |4 aut  |9 13856 
245 1 0 |a Svet zašlých čias  |c Jozef Bžoch 
500 |a V rubrike S knihou na sobotu. 
650 0 7 |a poviedky psychologické  |2 snkbucl  |9 893883 
655 7 |a články z novín a časopisov  |2 snkbucl  |9 267496 
655 7 |a články z odboru literárna veda a krásna literatúra  |2 snkbucl  |9 770045 
700 1 |a Mándy, Iván,  |d 1918-1995  |4 aut  |9 192489 
773 0 |t Ľud  |g Roč. 41, č. 303 (24. 12. 1988), s. 4 
787 0 8 |i Rec.:  |a Mándy, Iván  |t Svet zašlých čias  |d Bratislava : Tatran, 1988 
850 |a Slovenská národná knižnica v Martine  |a MTA001 
852 |a SNK  |b KIS3GCP 
958 |a RK 
958 |a HU 
958 |a LX 
992 |a RBX 
999 |c 1532949  |d 1534879